| 000 | 00630cam a22002175a 4500 | ||
|---|---|---|---|
| 001 | L159684 | ||
| 008 | 150226s2017 xxk f 000 0 eng d | ||
| 035 | _a(Sirsi) u159684 | ||
| 041 | 0 | _aeng | |
| 100 | 1 | _aGrahame, Alice | |
| 245 | 0 | 0 | _aThey've started so you'll finish |
| 260 | _c2017 | ||
| 490 |
_aModus _vMarch 2017, 26-29 (4) |
||
| 520 | _aOutlines how the custom-build is enabling the underdeveloped self-building market in the UK to grow. | ||
| 590 | _aKA | ||
| 650 | 2 | 4 | _aSELF-BUILD |
| 650 | 2 | 4 | _aCUSTOM-BUILD |
| 690 | 4 |
_aConstruction management _96230 |
|
| 690 |
_aResidential property _96266 |
||
| 942 |
_n0 _2ddc |
||
| 999 |
_c84909 _d84909 |
||